| 000 | 02643nim a2200553 i 4500 | ||
|---|---|---|---|
| 001 | bg | ||
| 003 | KOSZ 005 | ||
| 005 | 20240405063205.0 | ||
| 006 | a||||g||||| | ||
| 007 | sd fsngnnmmned | ||
| 008 | 090302s2008 pl nnn g h pol| | ||
| 020 | _a9788375521252 | ||
| 020 | _a9788375521276 | ||
| 040 |
_aWA N _cKOSZ 005/HR _dKOSZ 005/HR |
||
| 080 | _a94(55)"19" | ||
| 080 | _a929-052(55)"19" | ||
| 080 | _a(047) | ||
| 080 | _a(086.7) | ||
| 100 | 1 |
_aKapuściński, Ryszard _d(1932-2007) _eAutor |
|
| 245 | 1 | 0 |
_aSzachinszach / _cRyszard Kapuściński. |
| 246 | 1 | 3 | _aJerzy Radziwiłowicz czyta "Szachinszacha" Ryszarda Kapuścińskiego. |
| 246 | 1 | 4 | _aSzachinszach. Postscriptum. |
| 260 |
_aWarszawa : _bAgora, _ccop. 2008. |
||
| 300 |
_a1 płyta (CD) : _bdigital, stereo. ; _c12 cm + _eksiążka : 39, [1] s. : fot. ; 22 cm. |
||
| 490 | 1 | _aBiblioteka Gazety Wyborczej | |
| 490 | 1 |
_aKolekcja wybranych dzieł Ryszarda Kapuścińskiego / pod red. Bożeny Dudko i Mariusza Szczygła ; _vt. 15. |
|
| 500 | _aTyt. odm.: Jerzy Radziwiłowicz czyta "Szachinszacha" Ryszarda Kapuścińskiego. | ||
| 500 | _aTyt. okł.: Szachinszach. Postscriptum. | ||
| 500 | _aNagr. wg adapt. Krystiana Nehrebeckiego. | ||
| 500 | _aDod. druk zawiera: artykuły "Jak Irańczycy przestali się bać" Christophera de Bellaigue, "Od szachinszacha do ajatollacha" Artura Orzecha, reportaż "Dziewczyny i chłopcy z Bulwaru Afryki" Mariusza Zawadzkiego, wypowiedź pod tyt. "Zamiast kolegi" z oficjalnego portalu Ryszarda Kapuścińskiego oraz 11 fotografii z kolekcji Magnum Photos/EK Pictures. | ||
| 508 | _aReż. nagr. Piotr Bielawski, mastering Grzegorz Sikora. | ||
| 538 | _aNagranie w formacie mp3. | ||
| 600 | 1 | 4 |
_aMohammed Reza Pahlavi _c(szach Iranu ; _d1919-1980) |
| 651 | 4 |
_aIran _xpolityka _y1945-1989 r. |
|
| 655 | 4 |
_aReportaż polski _y1980-1989 r. |
|
| 648 | 4 | _a1901-2000 | |
| 648 | 4 | _a1945-1989 | |
| 655 | 4 | _aDokumenty dźwiękowe | |
| 655 | 4 | _aKsiążki mówione | |
| 700 | 1 |
_aNehrebecki, Krystian _d(1967- ). _eAdapt. |
|
| 700 | 1 |
_aRadziwiłowicz, Jerzy _d(1950- ). _eLektor. |
|
| 710 | 2 |
_aAgora _eWydawca |
|
| 700 | 1 |
_aDudko, Bożena _d(1963- ) _eRedakcja |
|
| 700 | 1 |
_aSzczygieł, Mariusz _d(1966- ) _eRedakcja |
|
| 800 | 1 |
_aKapuściński, Ryszard _d(1932-2007). _tKolekcja wybranych dzieł Ryszarda Kapuścińskiego _vt. 15. |
|
| 856 |
_uhttp://koha.tu.koszalin.pl/cgi-bin/koha/opac-detail.pl?biblionumber=54913 _yKatalog online BPK |
||
| 830 | 0 | _aBiblioteka Gazety Wyborczej | |
| 942 |
_2UKD _cAB |
||
| 999 |
_c54913 _d54913 |
||